000 00592nam a2200157Ia 4500
005 20240930013833.0
008 240331s9999 xx 000 0 und d
020 _a9789559261612
082 _bTHI
100 _aThiruchandran,S
245 2 _aA Pot- Pourri of Debates, Dialogue and Discourse
260 _acolombo
_bWomen's Education and research center
_c2013
300 _avii, 122 p .,
500 _aThis publication with seven chapters tied together as parts may seem incongruous at some point because of the seemingly diverse subject matters covered at a time in one piece.
942 _cL
999 _c5816
_d5816